[Event "FIDE-Online-Steinitz-Memorial-Women"]
[Site "Internet"]
[Date "2020.05.17"]
[Round "17"]
[White "Tan, Zhongyi"]
[Black "Abdumalik, Zhansaya"]
[Result "1-0"]
[WhiteElo "2510"]
[BlackElo "2409"]
[Annotator "TA"]
[PlyCount "147"]
[EventDate "2020.05.15"]
[EventType "tourn"]
[SourceTitle "playchess.com"]
[Source "ChessBase"]
[SourceQuality "1"]

{[%evp 16,147,78,62,59,52,64,52,59,37,63,48,75,56,80,29,25,32,37,0,116,68,67,-18,59,-25,100,104,96,96,93,95,95,97,95,91,110,100,112,118,247,145,266,267,238,253,327,239,285,264,297,291,353,370,360,331,409,367,507,0,328,299,354,353,369,374,546,392,507,351,713,370,850,822,1058,1058,29968,29970,29975,29972,29998,29973,29973,29973,29974,29975,29976,29977,29977,29976,29976,29975,29981,29973,29960,29958,29979,29980,29982,29982,29983,29979,29979,29980,29982,29983,29983,29981,29981,29981,29986,29987,29987,29986,29986,29983,29985,29986,29987,29986,29986,29987,29987,29988,29993,29989,29989,29989,29989,29990,29990,29991,29991,29992]} 1. d4 Nf6 2. c4 g6 3. Nc3 d5 4. cxd5 Nxd5 5. g3 Bg7 6. Bg2 Nb6 7. Nf3 O-O 8. O-O N8d7 9. e4 e5 {D76: Fianchetto Grünfeld: Main Line with 7...Nb6.} 10. d5 Nc4 11. b3 Nd6 {White is slightly better.} 12. Ba3 {[#]} a6 $146 ({Predecessor:} 12... Re8 13. Rc1 Nf6 14. Qd3 Bd7 15. Nd2 Rc8 16. Rc2 Bf8 17. Bc5 b6 18. Bxd6 Bxd6 {0-1 (69) Ram,S (2239)-Shiva,P (1905) Chennai 2017}) 13. Nd2 f5 14. Nc4 Qf6 15. Nxd6 ({White should play} 15. Rc1 $16) 15... cxd6 $11 16. Rc1 f4 17. Na4 Rb8 (17... b5 $11) 18. Rc7 b5 19. Bh3 (19. Rc6 $1 $14) 19... Rd8 (19... Nb6 $11 20. Nxb6 Bxh3) 20. Rc6 ({Better is} 20. Rxc8 $14 Rbxc8 21. Bxd7) 20... bxa4 (20... Bf8 $1 $11) 21. Bxd6 $16 {Black is now going downhill.} Bb7 22. Bxb8 Bxc6 23. dxc6 Qxc6 24. Qd6 $36 {[%mdl 2048] Black is under strong pressure.} Qxd6 25. Bxd6 axb3 26. Be6+ ({Much weaker is} 26. gxf4 $6 Nf8 $11) 26... Kh8 27. Bxb3 Nb8 (27... Nf6 $16) 28. Be7 (28. Rc1 $18) 28... Re8 (28... Rc8 $16) 29. Rc1 $18 Nd7 30. Bd6 fxg3 31. hxg3 {Strongly threatening Ba4.} Nf6 32. f3 Nh5 33. Kg2 Rd8 34. Rc6 a5 35. Ra6 h6 36. Bd5 Nf6 37. Bb3 $2 {[#]} (37. Be7 $18 Rxd5 38. exd5 Nxd5 39. Bc5) 37... Ne8 $2 {[%mdl 8192]} (37... Nh5 $1 $11 38. Bf7 Nf6 39. Bxg6 Kg8) 38. Bc5 Rd2+ 39. Kf1 Nf6 40. Rxa5 g5 (40... Rd8 $142 41. Be7 Rc8) 41. g4 h5 42. Be6 hxg4 $2 {[#]} (42... Rd8 43. Bf5 hxg4 44. fxg4 Bf8) 43. fxg4 Kh7 $2 (43... Rd8 44. Bf5 Bf8) 44. Bf5+ Kh6 45. Ra6 Rd1+ 46. Ke2 {White mates.} Ra1 47. Be7 Bh8 48. Bxf6 Bxf6 49. Rxf6+ {[%mdl 4096] Endgame KRB-KR} Kg7 50. Ra6 Kf7 51. Kd3 Rc1 52. a4 {[%cal Ba2a4,Ba4a5,Ba5a6][%mdl 32]} Ke7 53. a5 Kd8 54. Rd6+ Kc7 55. Re6 Rd1+ 56. Kc4 Rc1+ 57. Kd5 Ra1 58. a6 Ra5+ 59. Kc4 Kb8 60. Kb4 Ra1 61. Kb5 Rb1+ 62. Kc6 Rd1 63. Rxe5 Ka7 64. Bc8 Rc1+ 65. Kd7 Re1 66. Bb7 Rg1 67. Rxg5 Rd1+ 68. Ke7 Re1 69. e5 Rh1 70. e6 Rh7+ 71. Kf6 Rh6+ 72. Rg6 Rh2 73. e7 Re2 74. Kf7 {Accuracy: White = 54%, Black = 23%.} 1-0

[Event "FIDE-Online-Steinitz-Memorial-Women"]
[Site "Internet"]
[Date "2020.05.17"]
[Round "17"]
[White "Stefanova, Antoaneta"]
[Black "Sebag, Marie"]
[Result "1/2-1/2"]
[WhiteElo "2485"]
[BlackElo "2482"]
[Annotator "RC"]
[PlyCount "132"]
[EventDate "2020.05.15"]
[EventType "tourn"]
[SourceTitle "playchess.com"]
[Source "ChessBase"]
[SourceQuality "1"]
[TimeControl "180+2"]

1. Nf3 d5 2. g3 {[%emt 0:00:04]} Nf6 {[%emt 0:00:06]} 3. Bg2 {[%emt 0:00:02]} g6 {[%emt 0:00:09]} 4. O-O {[%emt 0:00:03]} Bg7 {[%emt 0:00:01]} 5. d4 {[%emt 0:00:01]} O-O {[%emt 0:00:02]} 6. Bf4 {[%emt 0:00:01]} c6 {[%emt 0:00:05]} 7. Qc1 {[%emt 0:00:03]} Bf5 {[%emt 0:00:05]} 8. c4 {[%emt 0:00:04]} Nbd7 {[%emt 0:00:01]} 9. Rd1 {[%emt 0:00:12]} Ne4 {[%emt 0:00:17]} 10. h3 {[%emt 0:00:10]} Qb6 {[%emt 0:00:12]} 11. c5 {[%emt 0:00:36]} Qa6 {[%emt 0:00:12]} 12. Bf1 {[%emt 0:00:01]} b6 {[%emt 0:00:01]} 13. b4 {[%emt 0:00:05]} bxc5 {[%emt 0:00:18]} 14. bxc5 {[%emt 0:00:02]} Ndxc5 {[%emt 0:00:06]} 15. e3 {[%emt 0:00:11]} Qb7 {[%emt 0:00:11]} 16. g4 {[%emt 0:00:07]} Be6 {[%emt 0:00:10]} 17. Be5 {[%emt 0:00:09]} Nd7 {[%emt 0:00:05]} 18. Bxg7 {[%emt 0:00:02]} Kxg7 {[%emt 0:00:01]} 19. Nc3 {[%emt 0:00:04]} c5 {[%emt 0:00:11]} 20. Nxe4 {[%emt 0:00:04]} dxe4 {[%emt 0:00:06]} 21. dxc5 {[%emt 0:00:11]} Rac8 {[%emt 0:00:20]} 22. Qc3+ {[%emt 0:00:04]} Kg8 {[%emt 0:00:03]} 23. Nd4 {[%emt 0:00:15]} Nxc5 {[%emt 0:00:08]} 24. Qa3 {[%emt 0:00:06]} Rc7 {[%emt 0:00:12]} 25. Rab1 {[%emt 0:00:06]} Qa8 {[%emt 0:00:13]} 26. Nb5 {[%emt 0:00:04]} Rcc8 {[%emt 0:00:03]} 27. Rdc1 {[%emt 0:00:09]} Nd3 {[%emt 0:00:04]} 28. Nc7 {[%emt 0:00:06]} Rxc7 {[%emt 0:00:06]} 29. Rxc7 {[%emt 0:00:02]} Ne5 {[%emt 0:00:02]} 30. Qxe7 {[%emt 0:00:11]} Nf3+ {[%emt 0:00:01]} 31. Kh1 {[%emt 0:00:06]} Qd5 {[%emt 0:00:02]} 32. Bg2 {[%emt 0:00:07]} h5 {[%emt 0:00:03]} 33. Bxf3 {[%emt 0:00:04]} exf3 {[%emt 0:00:00]} 34. Qh4 {[%emt 0:00:03]} hxg4 {[%emt 0:00:03]} 35. hxg4 {[%emt 0:00:10]} Kg7 {[%emt 0:00:01]} 36. Kg1 {[%emt 0:00:02]} Rh8 {[%emt 0:00:05]} 37. Qg3 {[%emt 0:00:01]} Qg5 {[%emt 0:00:02]} 38. Rb4 {[%emt 0:00:05]} Qd5 {[%emt 0:00:03]} 39. Rd4 {[%emt 0:00:03]} Qxa2 {[%emt 0:00:02]} 40. Qe5+ {[%emt 0:00:01]} Kh7 {[%emt 0:00:02]} 41. Qh2+ {[%emt 0:00:02]} Kg7 {[%emt 0:00:02]} 42. Qe5+ {[%emt 0:00:01]} Kh7 {[%emt 0:00:01]} 43. g5 {[%emt 0:00:02]} Qb1+ {[%emt 0:00:02]} 44. Kh2 {[%emt 0:00:02]} Kg8+ {[%emt 0:00:02]} 45. Kg3 {[%emt 0:00:03]} Rh3+ {[%emt 0:00:10]} 46. Kf4 {[%emt 0:00:01]} Rh4+ {[%emt 0:00:01]} 47. Kxf3 {[%emt 0:00:08]} Rh3+ {[%emt 0:00:08]} 48. Kf4 {[%emt 0:00:02]} Rh4+ {[%emt 0:00:03]} 49. Kf3 {[%emt 0:00:01]} Rh3+ {[%emt 0:00:01]} 50. Kf4 {[%emt 0:00:12]} Kh7 {[%emt 0:00:02]} 51. Qxe6 {[%emt 0:00:05]} Rh4+ {[%emt 0:00:03]} 52. Ke5 {[%emt 0:00:03]} Qb5+ {[%emt 0:00:02]} 53. Rd5 {[%emt 0:00:02]} Qb2+ {[%emt 0:00:02]} 54. Kd6 {[%emt 0:00:03]} Qb6+ {[%emt 0:00:03]} 55. Rc6 {[%emt 0:00:01]} Qb4+ {[%emt 0:00:05]} 56. Rdc5 {[%emt 0:00:04]} fxe6 {[%emt 0:00:00]} 57. Rc7+ {[%emt 0:00:01]} Kg8 {[%emt 0:00:02]} 58. Rc8+ {[%emt 0:00:01]} Kf7 {[%emt 0:00:01]} 59. R8c7+ {[%emt 0:00:01]} Ke8 {[%emt 0:00:01]} 60. Rc8+ {[%emt 0:00:01]} Kf7 {[%emt 0:00:01]} 61. R8c7+ {[%emt 0:00:01]} Kg8 {[%emt 0:00:01]} 62. Rc8+ {[%emt 0:00:00]} Kh7 {[%emt 0:00:01]} 63. R8c7+ {[%emt 0:00:01]} Kh8 {[%emt 0:00:00]} 64. Rc8+ {[%emt 0:00:01]} Kg7 {[%emt 0:00:01]} 65. R8c7+ {[%emt 0:00:01]} Kf8 {[%emt 0:00:01]} 66. Rc8+ {[%emt 0:00:01]} Kf7 {[%emt 0:00:00]} 1/2-1/2

[Event "FIDE-Online-Steinitz-Memorial-Women"]
[Site "Internet"]
[Date "2020.05.17"]
[Round "17"]
[White "Khademalsharieh, Sarasadat"]
[Black "Paehtz, Elisabeth"]
[Result "0-1"]
[WhiteElo "2431"]
[BlackElo "2396"]
[Annotator "RC"]
[PlyCount "150"]
[EventDate "2020.05.15"]
[EventType "tourn"]
[SourceTitle "playchess.com"]
[Source "ChessBase"]
[SourceQuality "1"]
[TimeControl "180+2"]

1. Nf3 Nf6 2. c4 {[%emt 0:00:06]} g6 {[%emt 0:00:05]} 3. d4 {[%emt 0:00:02]} Bg7 {[%emt 0:00:01]} 4. g3 {[%emt 0:00:01]} O-O {[%emt 0:00:01]} 5. Bg2 {[%emt 0:00:01]} d6 {[%emt 0:00:01]} 6. O-O {[%emt 0:00:01]} Nc6 {[%emt 0:00:01]} 7. Nc3 {[%emt 0:00:00]} e5 {[%emt 0:00:01]} 8. dxe5 {[%emt 0:00:03]} dxe5 {[%emt 0:00:01]} 9. Bg5 {[%emt 0:00:04]} Be6 {[%emt 0:00:02]} 10. Qa4 {[%emt 0:00:07]} Qc8 {[%emt 0:00:04]} 11. Nd2 {[%emt 0:00:02]} Nd7 {[%emt 0:00:08]} 12. Qc2 {[%emt 0:00:16]} f6 {[%emt 0:00:03]} 13. Be3 {[%emt 0:00:02]} f5 {[%emt 0:00:05]} 14. Nd5 {[%emt 0:00:18]} Kh8 {[%emt 0:00:07]} 15. Nb3 {[%emt 0:00:07]} e4 {[%emt 0:00:14]} 16. Rad1 {[%emt 0:00:12]} Nde5 {[%emt 0:00:03]} 17. Nc5 {[%emt 0:00:06]} Bg8 {[%emt 0:00:01]} 18. h3 {[%emt 0:00:05]} b6 {[%emt 0:00:03]} 19. Nb3 {[%emt 0:00:09]} a5 {[%emt 0:00:08]} 20. f3 {[%emt 0:00:05]} exf3 {[%emt 0:00:10]} 21. exf3 {[%emt 0:00:03]} Bxd5 {[%emt 0:00:13]} 22. cxd5 {[%emt 0:00:03]} Nb4 {[%emt 0:00:01]} 23. Qb1 {[%emt 0:00:03]} Nc4 {[%emt 0:00:03]} 24. Bd4 {[%emt 0:00:24]} Qd7 {[%emt 0:00:02]} 25. Qc1 {[%emt 0:00:05]} Bxd4+ {[%emt 0:00:12]} 26. Rxd4 {[%emt 0:00:02]} Nd6 {[%emt 0:00:09]} 27. a3 {[%emt 0:00:11]} Na6 {[%emt 0:00:02]} 28. Rfd1 {[%emt 0:00:04]} Rae8 {[%emt 0:00:02]} 29. Qc3 {[%emt 0:00:01]} Nb5 {[%emt 0:00:07]} 30. Qd3 {[%emt 0:00:06]} Nxd4 {[%emt 0:00:02]} 31. Nxd4 {[%emt 0:00:01]} Nc5 {[%emt 0:00:07]} 32. Qc3 {[%emt 0:00:01]} Na4 {[%emt 0:00:11]} 33. Qc2 {[%emt 0:00:05]} Nc5 {[%emt 0:00:13]} 34. b4 {[%emt 0:00:02]} axb4 {[%emt 0:00:02]} 35. axb4 {[%emt 0:00:04]} Nb7 {[%emt 0:00:03]} 36. Ne6 {[%emt 0:00:04]} Rf7 {[%emt 0:00:08]} 37. Qc3+ {[%emt 0:00:07]} Kg8 {[%emt 0:00:01]} 38. Bf1 {[%emt 0:00:03]} Nd6 {[%emt 0:00:03]} 39. h4 {[%emt 0:00:02]} Rxe6 {[%emt 0:00:04]} 40. dxe6 {[%emt 0:00:01]} Qxe6 {[%emt 0:00:01]} 41. Re1 {[%emt 0:00:03]} Qf6 {[%emt 0:00:04]} 42. Qxf6 {[%emt 0:00:27]} Rxf6 {[%emt 0:00:02]} 43. Rc1 {[%emt 0:00:02]} Rf7 {[%emt 0:00:01]} 44. Bd3 {[%emt 0:00:03]} Re7 {[%emt 0:00:03]} 45. Kf2 {[%emt 0:00:01]} Kg7 {[%emt 0:00:01]} 46. Rc6 {[%emt 0:00:02]} Kf6 {[%emt 0:00:03]} 47. Rc2 {[%emt 0:00:02]} Nf7 {[%emt 0:00:07]} 48. b5 {[%emt 0:00:01]} Ne5 {[%emt 0:00:04]} 49. Be2 {[%emt 0:00:03]} Ke6 {[%emt 0:00:03]} 50. Rc1 {[%emt 0:00:06]} Kd6 {[%emt 0:00:02]} 51. Rc2 {[%emt 0:00:03]} Kd7 {[%emt 0:00:07]} 52. Rd2+ {[%emt 0:00:01]} Kc8 {[%emt 0:00:04]} 53. Rc2 {[%emt 0:00:01]} Nd7 {[%emt 0:00:02]} 54. Ra2 {[%emt 0:00:04]} Nc5 {[%emt 0:00:06]} 55. Rc2 {[%emt 0:00:02]} Kd7 {[%emt 0:00:01]} 56. Rd2+ {[%emt 0:00:01]} Ke6 {[%emt 0:00:01]} 57. Bc4+ {[%emt 0:00:02]} Kf6 {[%emt 0:00:01]} 58. Be2 {[%emt 0:00:01]} Rd7 {[%emt 0:00:02]} 59. Ra2 {[%emt 0:00:03]} Nb7 {[%emt 0:00:06]} 60. Rc2 {[%emt 0:00:04]} Nd6 {[%emt 0:00:01]} 61. Bd3 {[%emt 0:00:03]} Re7 {[%emt 0:00:02]} 62. Be2 {[%emt 0:00:01]} Ke5 {[%emt 0:00:02]} 63. Bd3 {[%emt 0:00:02]} Kd4 {[%emt 0:00:01]} 64. Be2 {[%emt 0:00:01]} Nb7 {[%emt 0:00:03]} 65. Rd2+ {[%emt 0:00:04]} Kc3 {[%emt 0:00:01]} 66. Rd3+ {[%emt 0:00:01]} Kb4 {[%emt 0:00:02]} 67. Rd4+ {[%emt 0:00:01]} Ka5 {[%emt 0:00:05]} 68. Rd1 {[%emt 0:00:03]} Nd6 {[%emt 0:00:02]} 69. Ra1+ {[%emt 0:00:01]} Kb4 {[%emt 0:00:01]} 70. Rb1+ {[%emt 0:00:01]} Kc3 {[%emt 0:00:02]} 71. Rc1+ {[%emt 0:00:01]} Kb2 {[%emt 0:00:02]} 72. Rd1 {[%emt 0:00:05]} Re5 {[%emt 0:00:02]} 73. Rd2+ {[%emt 0:00:01]} Kb3 {[%emt 0:00:03]} 74. Rd3+ {[%emt 0:00:03]} Kb4 {[%emt 0:00:01]} 75. Rd5 {[%emt 0:00:01]} Rxd5 {[%emt 0:00:02]} 0-1

[Event "FIDE-Online-Steinitz-Memorial-Women"]
[Site "Internet"]
[Date "2020.05.17"]
[Round "18"]
[White "Kosteniuk, Alexandra"]
[Black "Stefanova, Antoaneta"]
[Result "0-1"]
[WhiteElo "2521"]
[BlackElo "2485"]
[Annotator "TA"]
[PlyCount "58"]
[EventDate "2020.05.15"]
[EventType "tourn"]
[SourceTitle "playchess.com"]
[Source "ChessBase"]
[SourceQuality "1"]

{[%evp 15,58,0,25,0,0,0,-1,-56,-18,-40,-58,-47,-17,-17,-17,-17,-17,-16,-16,-29,-27,-10,-31,-73,-73,-73,-68,-160,-161,-156,-165,-177,-123,-118,-109,-540,-135,-598,-599,-600,-598,-577,-562,-572,-564]} 1. Nf3 d5 2. g3 g6 3. Bg2 Bg7 4. d4 Nf6 5. O-O O-O 6. c4 c6 7. Qb3 Qb6 8. Nc3 Bf5 9. cxd5 {D78: Fianchetto Grünfeld: 6 0-0 c6.} Qxb3 10. axb3 Nxd5 11. Ne5 (11. Bg5 $11) 11... Be6 12. Na4 {[#]} Na6 $146 {[%cal Bb8a6,Ba6b4,Bb4c2][%mdl 32]} ({Predecessor:} 12... Bxe5 13. dxe5 Nd7 14. f4 Nc7 15. b4 Rfd8 16. Nc3 Nb6 17. b5 Ncd5 18. bxc6 bxc6 {1-0 (43) Podzielny,K (2503)-Rebber,C (2155) Recklinghausen 2000}) 13. Bd2 Ndb4 14. Bxb4 Nxb4 15. Nc5 Nc2 16. Nxe6 fxe6 17. Rad1 Nxd4 {[%mdl 64] [#] Remove Defender} 18. Rxd4 {And now f4 would win.} Bxe5 19. Re4 Bxb2 20. Rxe6 Bf6 $36 {[%mdl 2048] Black has good play.} 21. e4 ({White should play} 21. h4 $15) 21... Kf7 $17 22. Bh3 Bd4 23. Kg2 a5 (23... Rad8 $19 24. Kh1 Bc5) 24. f4 a4 {[%cal Ba5a4,Ba4a3,Ba3a2][%mdl 32]} 25. f5 $2 {[%mdl 8192] [#]} (25. bxa4 $17 Rxa4 26. f5 Ra2+ 27. Kh1) 25... gxf5 $2 (25... axb3 $19 {is more deadly.} 26. fxg6+ Ke8) 26. Bxf5 $2 {[%mdl 8192] This costs White the game.} (26. Rxf5+ $17 {nothing else works.} Ke8 27. bxa4) 26... a3 $19 {Black is clearly winning.} 27. Rh6 Ke8 28. Rxh7 a2 29. Bg6+ Kd7 {Accuracy: White = 48%, Black = 73%.} 0-1

[Event "FIDE-Online-Steinitz-Memorial-Women"]
[Site "Internet"]
[Date "2020.05.17"]
[Round "18"]
[White "Sebag, Marie"]
[Black "Khademalsharieh, Sarasadat"]
[Result "0-1"]
[WhiteElo "2482"]
[BlackElo "2431"]
[Annotator "TA"]
[PlyCount "96"]
[EventDate "2020.05.15"]
[EventType "tourn"]
[SourceTitle "playchess.com"]
[Source "ChessBase"]
[SourceQuality "1"]

{[%evp 17,96,52,39,0,7,5,0,4,27,25,0,18,33,33,28,-14,80,93,77,81,123,53,107,-13,82,-53,33,0,0,-74,-83,-82,-65,-391,-115,-241,-201,-273,-281,-757,-747,-708,-736,-943,-942,-926,-910,-29986,-29987,-29989,-29984,-29983,-6315,-29988,-29989,-29989,-29980,-29990,-29981,-29981,-29982,-5497,-1331,-29972,-29975,-29972,-29976,-29976,-29977,-29975,-29977,-29977,-29978,-29976,-5306,-29986,-29985,-29992,-29989,-29988,-29989]} 1. e4 e5 2. Nf3 Nc6 3. Bb5 a6 4. Ba4 Nf6 5. O-O b5 6. Bb3 Bc5 7. a4 Rb8 8. c3 d6 9. d4 Bb6 10. a5 {now scores much better than the old 10.axb5. Played by Alexander Grischuk in March 2020. C78: Ruy Lopez: Archangelsk and Möller Defences.} Ba7 $1 11. h3 Bb7 12. Re1 {The position is equal.} O-O 13. Bg5 h6 14. Bh4 exd4 15. cxd4 g5 16. Bg3 {[#]} Ne7 $146 (16... Nh5 $11) ({Predecessor:} 16... Re8 17. Nc3 b4 18. Nd5 Nxd5 19. Bxd5 Nxd4 20. Nxd4 Bxd5 21. Qd3 Qf6 22. Nf5 Bb7 {1-0 (37) Inarkiev,E (2707)-Kasimdzhanov,R (2690) Konya 2012}) 17. Nbd2 $16 Ng6 18. Rc1 Rc8 19. Qc2 (19. e5 $1 $16 {[%cal Re5f6]} Nd5 20. Qc2) 19... Kg7 (19... c5 $14) 20. d5 (20. e5 $16 dxe5 21. dxe5 (21. Nxe5 Ne7 $11) (21. Bxe5 c5 $11)) 20... Nh5 (20... c6 $11 21. dxc6 Rxc6) 21. Bh2 (21. Nf1 $1 $16) 21... Nhf4 ({Black should play} 21... c6 $1 $15) 22. Nf1 c6 {[%cal Rc6d5]} 23. dxc6 (23. Qd2 $11 {remains equal.}) 23... Rxc6 $17 {Black continues to play with concentration.} 24. Qd2 {Black must now prevent Rxc6.} Rxc1 25. Qxc1 $4 {[%mdl 8192] [#]} (25. Rxc1 $15 Bxe4 26. Ne3) 25... Qf6 $2 (25... Bxf2+ $1 $19 {[%mdl 512] and Black stays clearly on top.} 26. Kh1 (26. Kxf2 Nd3+) 26... Bxe1 27. Qxe1 d5 28. exd5 Bxd5 29. Bxd5 Qxd5) 26. Qd1 (26. Ng3 $17 {is a better defense.}) 26... Qxb2 27. Ne3 Bxe4 28. h4 $2 (28. Bxf4 Nxf4 29. Qxd6) 28... Bxe3 $19 29. Rxe3 Rc8 30. Re1 Bxf3 31. Qxf3 Rc3 {[%mdl 64] Double Attack} 32. Re3 Rc1+ 33. Bd1 Nxh4 34. Qg4 {[#]} Qa1 $1 35. Bxf4 Rxd1+ 36. Kh2 Rh1+ 37. Kg3 Qf6 38. Re4 Nf5+ 39. Kf3 Nd4+ 40. Ke3 Re1+ 41. Kd3 Rxe4 42. Kxe4 Qxf4+ 43. Qxf4 gxf4 44. Kxd4 {KP-KP} Kf6 45. Kd5 Ke7 46. Kc6 b4 {[%cal Bb5b4,Bb4b3,Bb3b2][%mdl 32] Black mates.} 47. Kb6 b3 48. Kxa6 b2 {Accuracy: White = 31%, Black = 60%.} 0-1

[Event "FIDE-Online-Steinitz-Memorial-Women"]
[Site "Internet"]
[Date "2020.05.17"]
[Round "18"]
[White "Abdumalik, Zhansaya"]
[Black "Lagno, Kateryna"]
[Result "1/2-1/2"]
[WhiteElo "2409"]
[BlackElo "2608"]
[Annotator "TA"]
[PlyCount "143"]
[EventDate "2020.05.15"]
[EventType "tourn"]
[SourceTitle "playchess.com"]
[Source "ChessBase"]
[SourceQuality "1"]

{[%evp 10,143,56,8,8,0,19,6,14,0,47,16,54,45,60,-6,41,0,15,0,0,4,27,23,18,27,20,0,0,0,0,-11,-11,-11,-11,-11,-11,-11,-11,-11,-11,-11,-11,-10,0,0,0,0,0,-11,-11,-11,-4,-11,-11,-11,-11,-11,-11,-19,-19,-29,-29,-29,-29,-29,-29,-29,-29,-29,-25,-29,-25,-29,-25,-29,-14,-14,-14,-14,-14,-16,-16,-91,-91,-91,-91,-91,-91,-91,-91,-91,-91,-91,-91,-91,-91,-125,-126,-126,-126,-154,-126,-662,-662,-2516,-333,-2120,-1943,-1384,-75,-75,-75,-75,-8,-75,-75,-112,-75,-112,-112,-112,0,-112,-8,-8,-8,-18,-8,-8,-8,-8,-8,-8,-8,-8]} 1. e4 e5 2. Nf3 Nc6 3. Bb5 Bb4 4. c3 Ba5 5. O-O Nge7 6. d4 exd4 {C60: Ruy Lopez: Unusual Black 3rd moves and 3...g6.} 7. Nxd4 O-O {[#]} 8. Nxc6 $146 ({Predecessor:} 8. Be3 Bb6 9. Be2 d5 10. exd5 Nxd4 11. Bxd4 Nxd5 12. Bf3 Be6 13. Na3 c6 14. Bxb6 Nxb6 15. Nc2 Re8 16. Nd4 Bd5 17. Bxd5 Qxd5 {½-½ (17) Nomin Erdene,D (2356)-Markovic,M (2448) Backi Petrovac 2018}) 8... bxc6 9. Bd3 d5 10. Qh5 (10. a4 $5 {[%cal Rb2b4]} Bb6 11. a5 $14) 10... f5 11. exd5 Nxd5 12. Bc2 (12. Rd1 $14) 12... Bb6 13. Nd2 Nf6 14. Qh4 Ba6 15. c4 Ne4 (15... Ng4 {feels hotter.} 16. Qxd8 Raxd8 17. h3 Ne5 18. b4 Bd4) 16. Qxd8 Raxd8 17. Nxe4 fxe4 18. b3 Rxf2 $1 19. Rxf2 Rf8 $1 {[%cal Rf8f2][%mdl 64] Pin} 20. Bf4 Rxf4 $1 {[%mdl 64] Pin} 21. Raf1 Bc8 22. g3 $1 {[%cal Rg3f4]} Rxf2 23. Rxf2 $11 {[%mdl 4096] Endgame KRB-KB} Bf5 24. Bd1 e3 25. Re2 Bg4 26. Kf1 Bxe2+ 27. Kxe2 {KB-KB} Bd4 28. Kd3 c5 29. Bf3 Kf7 30. Be2 Ke7 31. Bf3 Kd6 32. Be4 h6 33. Bf3 Ke5 34. h3 Kd6 35. Bg4 Be5 36. Kxe3 Bxg3 37. Ke4 g6 38. Be2 Be5 39. Bg4 Bd4 40. Bf3 Kc6 41. Bg4 Kb6 42. Kd5 h5 43. Be6 g5 44. Ke4 Ka5 45. Bf7 h4 46. Be6 (46. Kf5 $11 {remains equal.}) 46... Kb4 $17 47. Kd3 Ka3 48. Kc2 Kxa2 49. Bf5 Ka3 50. Be6 Kb4 51. Bd7 a5 52. Be6 Be5 53. Bf5 a4 54. bxa4 Kxc4 55. Bd7 Kb4 56. Bc6 $2 {[%mdl 8192] [#]} (56. a5 $17 Kxa5 57. Kb3) 56... g4 $1 $19 {[%cal Rg4h3]} 57. hxg4 Bf4 $2 (57... c4 58. Bd5 h3) 58. Kb2 $2 (58. g5 Bxg5 59. Bd7) 58... c4 59. Kc2 c3 $2 (59... h3 $19 {is more deadly.} 60. Be8 Kc5) 60. a5 $17 Kxa5 {...Kb4 is the strong threat.} 61. Kxc3 Kb6 (61... h3 $17) 62. Be4 (62. Bg2 $11) 62... Kc5 63. Kd3 h3 64. Ke2 Kd4 65. Bc6 Kc5 (65... h2 $17) 66. Bf3 (66. Be4 $1 $11 {was the only way to keep the balance.}) 66... Kb5 (66... Kd6 $17) 67. Kf2 $11 {The position is equal.} c5 68. Be2+ Kb4 {[#]} 69. g5 $1 {[%mdl 512]} Bxg5 70. Kg3 c4 {[#]} 71. Bxc4 $1 {[%mdl 512]} Kxc4 72. Kxh3 {White happily takes the draw. Accuracy: White = 68%, Black = 79%.} 1/2-1/2

[Event "FIDE-Online-Steinitz-Memorial-Women"]
[Site "Internet"]
[Date "2020.05.17"]
[Round "18"]
[White "Paehtz, Elisabeth"]
[Black "Lei, Tingjie"]
[Result "0-1"]
[WhiteElo "2396"]
[BlackElo "2530"]
[Annotator "TA"]
[PlyCount "138"]
[EventDate "2020.05.15"]
[EventType "tourn"]
[SourceTitle "playchess.com"]
[Source "ChessBase"]
[SourceQuality "1"]

{[%evp 9,138,-1,14,14,14,15,12,12,29,-4,-7,-10,5,-4,9,-4,-3,-28,0,0,0,-15,8,-30,0,0,26,26,32,26,28,13,28,14,20,13,63,26,26,4,39,26,39,28,58,28,28,28,59,8,7,0,0,0,0,0,0,0,0,0,0,0,27,27,28,28,27,27,27,27,27,27,27,27,27,27,27,20,20,19,27,3,3,-133,-133,-140,-144,-134,-134,-134,-136,-135,-128,-191,-185,-257,-213,-222,-137,-266,-263,-356,-310,-310,-310,-310,-302,-302,-300,-283,-256,-340,-80,-87,-68,-68,-14,-401,-401,-394,-387,-379,-362,-248,-200,-29979,-29980,-29980,-29981,-29981,-29982]} 1. d4 Nf6 2. Nf3 d5 3. Bf4 c5 4. e3 Nc6 5. Nbd2 cxd4 6. exd4 {D02: 1 d4 d5 2 Nf3 sidelines, including 2...Nf6 3 g3 and 2...Nf6 3 Bf4.} Qb6 7. Nb3 Bf5 8. c3 {The position is equal.} e6 9. Bd3 {9.a4 is the recent fashion.} Bxd3 10. Qxd3 Be7 11. O-O O-O {[#]} 12. Rfe1 $146 ({Predecessor:} 12. Qe2 Rfc8 13. Ne5 Nxe5 14. dxe5 Nd7 15. Be3 Qc7 16. Bd4 a5 17. Nd2 a4 18. a3 {½-½ (28) Sivakumar,S (1783)-Li,E (2255) San Francisco 2019}) 12... a5 13. Rab1 Ne4 14. Nbd2 Nxd2 15. Bxd2 a4 16. Re2 (16. Ng5 {looks sharper.} Bxg5 17. Bxg5 h6 18. Bh4 Qc7 19. Re3) 16... Rac8 17. Bg5 h6 18. Bxe7 Nxe7 19. a3 Ng6 {Strongly threatening ...Nf4.} 20. g3 Rc7 21. h4 Qd6 22. Rbe1 Rfc8 23. h5 Nf8 {[%cal Bg6f8,Bf8h7,Bh7f6,Bf6e4,Be4d6,Bd6c4][%mdl 32]} 24. Ne5 Qd8 25. Qf3 Qg5 26. Nd3 b6 27. Re5 Qd8 28. Qg4 Nh7 29. Nf4 (29. f4 $14) 29... Nf6 $11 30. Qe2 Ne4 31. Kg2 Nd6 32. Qg4 Qf6 33. Nd3 Nc4 34. R5e2 Nd6 35. Qf4 Qxf4 (35... Qe7 {is interesting.} 36. Rh1 Nc4 37. Qf3 Qd8 38. Rhe1 Rb8) 36. Nxf4 Kf8 37. Nd3 Ne4 38. f3 Nf6 39. g4 Ke7 40. Kg3 Kd6 41. Ne5 Rb7 42. Kf4 Rh8 43. Rh2 Rc7 44. Ree2 Re7 45. Reg2 Nd7 46. g5 (46. Rc2 $11 {remains equal.}) 46... hxg5+ $17 47. Ke3 Nxe5 48. dxe5+ Kxe5 49. Rxg5+ {[%mdl 4096] Endgame KRR-KRR} Kf6 50. Rhg2 Rh7 51. f4 (51. R5g4 $17) 51... Re8 $19 52. Kd4 (52. c4 {keeps fighting.}) 52... Reh8 53. c4 Rxh5 54. Rxg7 (54. cxd5 $17 g6 55. dxe6) 54... Rh4 55. R7g4 Rxg4 56. Rxg4 {KR-KR} Rh2 57. cxd5 Rxb2 58. dxe6 fxe6 ({But not} 58... Kxe6 59. Rg5 $19) 59. Rg8 Rf2 $1 60. Ke4 Re2+ $2 (60... Ra2 $19 {and Black stays clearly on top.} 61. Rf8+ Ke7 $1 {[%mdl 512]}) 61. Kd4 $17 Ra2 62. Rf8+ $1 Kg6 ({Black should try} 62... Ke7 $15 63. Rb8 Rd2+ 64. Ke4 Re2+ 65. Kd4 Rb2) 63. Rb8 $2 {[%mdl 8192] Loses the game.} (63. Ke5 $1 $11 {and White is okay.}) 63... Rxa3 $19 64. Rxb6 Kf5 $1 65. Rb8 Ra1 66. Rf8+ Kg4 67. Rf6 $2 {[#]} (67. Kc3 $19) 67... a3 $1 {Black mates.} 68. Kc3 {[#]} Rb1 $1 69. Rg6+ Kf3 {Accuracy: White = 62%, Black = 78%.} 0-1